Abusir and Saqqara in the year 2010 /

محفوظ في:

مؤلف مشترك: Český egyptologický ústav.

مؤلفون آخرون: Bárta, Miroslav, Coppens, Filip., Krejčí, Jaromír.

التنسيق: كتاب

اللغة: English
French
German

منشور في: Prague : Czech Institute of Egyptology, Faculty of Arts, Charles University, 2011.

الموضوعات:

الوسوم: إضافة وسم

لا توجد وسوم, كن أول من يضع وسما على هذه التسجيلة!

رقم الطلب: DT73 .A14 A28 2010 v.1-2

LEADER 01034nam a22002897a 4500
003 OSt
005 20251201114106.0
008 251201t2011 xr ab b 001 0 eng d
020 |a 9788073083847   |q (v.1) 
020 |a 9788073083854   |q (v.2) 
040 |c ARCE Library 
041 0 |a eng  |a fre  |a ger 
043 |a f-ua--- 
050 1 4 |a DT73 .A14  |b A28 2010 v.1-2 
245 0 0 |a Abusir and Saqqara in the year 2010 /   |c Miroslav Barta, Filip Coppens and Jaromir Krejci, editors. 
264 1 |a Prague :   |b Czech Institute of Egyptology, Faculty of Arts, Charles University,   |c 2011. 
300 |a 2 volumes :   |b illustrations, maps ;   |c 24 cm. 
504 |a Includes bibliographical references and indexes. 
651 0 |a Abu Sir Site (Jīzah, Egypt)   |v Congresses. 
651 0 |a Ṣaqqārah (Egypt)   |x Antiquities   |v Congresses. 
700 1 |a Bárta, Miroslav, 
700 1 |a Coppens, Filip.  |9 28300 
700 1 |a Krejčí, Jaromír.  |9 34187 
710 2 |a Český egyptologický ústav. 
901 |a reviewed 
942 |c BK  |2 lcc 
999 |c 27833  |d 27833